Dialéctica del desarrollo desigual
Guardado en:
| Autor principal: | |
|---|---|
| Formato: | Libro |
| Lenguaje: | español |
| Publicado: |
Valparaíso
Universitarias de Valparaíso
1972
|
| Edición: | 1a. ed |
| Colección: | Coleción CEREN-EUV
|
| Materias: | |
| Etiquetas: |
Agregar Etiqueta
Sin Etiquetas, Sea el primero en etiquetar este registro!
|
MARC
| LEADER | 00000nam a2200000 a 4500 | ||
|---|---|---|---|
| 001 | UCZ6111 | ||
| 003 | CL-VaPUC | ||
| 008 | 951201e19720000CL |||||||||||||||||spa|d | ||
| 082 | 0 | 4 | |a 338.9 |b HIN |2 21 |
| 100 | |a Hinkelammert, Franz Josef |e author |9 548237 | ||
| 245 | 1 | 0 | |a Dialéctica del desarrollo desigual |
| 250 | |a 1a. ed | ||
| 300 | |a 215 p | ||
| 942 | |c BK | ||
| 945 | |d 19951201 00:00:00 |a cmena | ||
| 260 | |a Valparaíso |b Universitarias de Valparaíso |c 1972 | ||
| 650 | 0 | |a Desarrollo económico y social |9 256320 | |
| 650 | 7 | |a AYUDA AL DESARROLLO |2 CL-VaPUC |9 338256 | |
| 650 | 0 | |a Socialismo |9 255260 | |
| 650 | 0 | |a Países en desarrollo |9 259663 | |
| 650 | 7 | |a PAISES DESARROLLADOS |2 CL-VaPUC |9 338233 | |
| 651 | 0 | |a América Latina |9 255027 | |
| 583 | |a last modification |c 19951201 00:00:00 |k Rodrigo Vera | ||
| 490 | 0 | |a Coleción CEREN-EUV | |
| 999 | |c 242367 |d 242365 | ||
| 952 | |0 0 |1 0 |4 0 |6 338_900000000000000_HIN_1972 |7 0 |8 P |9 255246 |a BIBEDU |b BIBEDU |c BIBEDU_PB |d 2019-11-19 |i 1600486 |o 338.9 HIN 1972 |p 1600486 |r 2024-01-25 |w 2019-11-19 |y BK |k FIL | ||
| 952 | |0 0 |1 0 |4 0 |6 338_900000000000000_HIN_1972 |7 0 |8 ? |9 255247 |a FDOBUD |b FDOBUD |d 2019-11-19 |i 1023926 |o 338.9 HIN 1972 |p 1023926 |r 2019-11-19 |w 2019-11-19 |y BK |k BUD | ||